Nicaragua handbook.
| Main Author: | |
|---|---|
| Format: | Book |
| Published: |
Bath, UK:
Footprint.
|
| Edition: | 4th ed. |
| Series: | Foodprint travel guides
|
| Subjects: |
| LEADER | 00503cam a2200181 7i4500 | ||
|---|---|---|---|
| 001 | 0000029152 | ||
| 005 | 20130902090000.0 | ||
| 020 | 0 | 0 | |a 9781907263576 |
| 090 | 0 | 0 | |a NICG 910.202 |b ARG |
| 100 | 1 | 0 | |a Arghiris |
| 245 | 1 | 0 | |a Nicaragua handbook. |
| 250 | 0 | 0 | |a 4th ed. |
| 260 | 0 | 0 | |a Bath, UK: |b Footprint. |
| 300 | # | # | |a 346 p. |
| 440 | 0 | 0 | |a Foodprint travel guides |
| 650 | 0 | 0 | |a Nicaragua -- |x Description and travel -- |x Guidebooks |
| 651 | 0 | 0 | |a Nicaragua |
| 999 | |a B000032947 |b Book |c Countries |e Business Information Centre | ||


